Cooperativas de servicios públicos : un enfoque jurídico /
Guardado en:
| Autor Principal: | |
|---|---|
| Formato: | Libro |
| Publicado: |
Buenos Aires :
Intercoop,
1987
|
| Materias: | |
| Etiquetas: |
Agregar Etiqueta
Sin Etiquetas, Sea el primero en etiquetar este registro!
|
| LEADER | 00689nam a22002175a 4500 | ||
|---|---|---|---|
| 001 | CEM.cems000817 | ||
| 005 | 20060210000000.0 | ||
| 008 | 130507s1987##################000#0#####d | ||
| 003 | CEMS | ||
| 082 | 0 | 4 | |a 334 |
| 100 | 1 | |a Balestra, Rene H. | |
| 245 | 1 | 0 | |a Cooperativas de servicios públicos : |b un enfoque jurídico / |
| 260 | |a Buenos Aires : |b Intercoop, |c 1987 | ||
| 300 | |a 155 p. | ||
| 505 | 0 | |a Antecedentes de la Constitución de 1853; Revolucion de Mayo | |
| 653 | |a Cooperativas | ||
| 653 | |a Cooperativas de servicios publ | ||
| 653 | |a Cooperativas-legislacion | ||
| 653 | |a Cooperativismo | ||
| 653 | |a Servicios publicos | ||
| 859 | |a CEMS |b BIB. CEMS - 11 de abril |h 334 |i B195 |p 15399.89 |t Ej.1 | ||
